فن الشعر / (رقم التسجيلة. 13185)

تفاصيل مارك
000 -LEADER
fixed length control field 00474nam a22001817a 4500
005 - DATE AND TIME OF LATEST TRANSACTION
control field 20251108164735.0
008 - FIXED-LENGTH DATA ELEMENTS--GENERAL INFORMATION
fixed length control field 250721s1959 xx 000 0 ara d
082 14 - DEWEY DECIMAL CLASSIFICATION NUMBER
Classification number 808.1/إحس
100 1# - MAIN ENTRY--PERSONAL NAME
Personal name عباس، إحسان
245 10 - TITLE STATEMENT
Title فن الشعر /
250 ## - EDITION STATEMENT
Edition statement ط3
264 1# - PRODUCTION, PUBLICATION, DISTRIBUTION, MANUFACTURE, AND COPYRIGHT NOTICE
Place of production, publication, distribution, manufacture بيروت :
Name of producer, publisher, distributor, manufacturer دار الثقافة،
Date of production, publication, distribution, manufacture, or copyright notice 1959.
300 ## - PHYSICAL DESCRIPTION
Extent 284ص
490 0# - SERIES STATEMENT
Series statement سلسلة الفنون الأدبية؛ 3
650 17 - SUBJECT ADDED ENTRY--TOPICAL TERM
Topical term or geographic name as entry element الشعر
942 ## - ADDED ENTRY ELEMENTS (KOHA)
Source of classification or shelving scheme Dewey Decimal Classification
Koha item type كتب
المقتنيات
حالة السحب حالة الفقدان مصدر التصنيف حالة التلف غير قابل للإعارة المكتبة الرئيسية المكتبة الحالية موقع الرف تاريخ التزويد الرقم المتسلسل Total Checkouts رقم الإستدعاء الباركود تاريخ آخر ظهور تاريخ الفاتورة نوع المادة (كوها)
    Dewey Decimal Classification     المكتبة المركزية المكتبة المركزية الإعارة 06/07/2004 31342   808.1/إحس 31342 28/07/2025 06/07/2004 كتب
Implemented & Customized by: BBB with SCIT (Smart Chains for Information Technology)

Powered by Koha